[Event "Peterborough 4NCL Easter U1700 op"]
[Site "Peterborough"]
[Date "2024.03.31"]
[Round "5"]
[White "Saha, Soumil"]
[Black "Cheng, Wing"]
[Result "1/2-1/2"]
[WhiteElo "1479"]
[BlackElo "1649"]
[PlyCount "88"]
[EventDate "2024.03.29"]
[EventType "swiss"]
[EventRounds "7"]
[EventCountry "ENG"]
[SourceTitle "CB14_2024"]
[SourceDate "2024.04.01"]
[SourceVersion "1"]
[SourceVersionDate "2024.04.01"]
[SourceQuality "1"]

1. d4 Nf6 2. Bg5 g6 3. Bxf6 exf6 4. Nf3 Bg7 5. e3 d6 6. Be2 0-0 7. 0-0 b6 8. Ne1 Bb7 9. Bf3 c6 10. Nd2 Nd7 11. Nd3 Qc7 12. c3 f5 13. Rb1 a5 14. a3 Ba6 15. Be2 Nf6 16. b4 Nd5 17. c4 Nc3 18. Qe1 Nxb1 19. Qxb1 axb4 20. axb4 Bb7 21. c5 bxc5 22. bxc5 Ba6 23. cxd6 Qxd6 24. Bf3 Rab8 25. Qc2 Bxd3 26. Qxd3 Rfc8 27. Nc4 Qd8 28. Qa3 Bf8 29. Qa2 Ra8 30. Qb3 Rab8 31. Qa2 c5 32. Ne5 c4 33. Nc6 Rxc6 34. Bxc6 c3 35. Bd5 Qc7 36. Rc1 Rb2 37. Qc4 Qxc4 38. Bxc4 Bb4 39. g3 Kf8 40. Kg2 Ke7 41. Kf3 Ba5 42. h4 h5 43. Bd3 Rd2 44. Bc4 f6 1/2-1/2